Cine : las películas que te cambiarán la vida /
Guardado en:
| Autor Principal: | |
|---|---|
| Formato: | Libro |
| Publicado: |
Barcelona :
Magnaverum,
2007
|
| Series: | Cinefilum
|
| Materias: | |
| Etiquetas: |
Agregar Etiqueta
Sin Etiquetas, Sea el primero en etiquetar este registro!
|
| LEADER | 00663nam a22002175a 4500 | ||
|---|---|---|---|
| 001 | CEM.cems013340 | ||
| 005 | 20100427111539.0 | ||
| 008 | 130507s2007##################000#0#####d | ||
| 003 | CEMS | ||
| 020 | |a 9789872365264 | ||
| 082 | 0 | 4 | |a 778.5 |
| 100 | 1 | |a Divo, Carlos | |
| 245 | 1 | 0 | |a Cine : |b las películas que te cambiarán la vida / |c Textos y Edición de Carlos Divo |
| 260 | |a Barcelona : |b Magnaverum, |c 2007 | ||
| 300 | |a 400 p. + DVD | ||
| 490 | 0 | |a Cinefilum | |
| 505 | 0 | |a Un siglo del mejor cine 1900-2006 | |
| 653 | |a Cine | ||
| 653 | |a Cine-películas | ||
| 653 | |a Cine-cronología 1900-2006 | ||
| 859 | |a CEMS |b BIB. CEMS - 11 de abril |h 778.5 |i D642 |p 25841.10 |t Ej.1 |v 2 |3 2 | ||
